000 00513nam a2200181Ia 4500
005 20250508151204.0
008 008 250505s9999 xx 000 0 eng d
037 _aTextual
040 _aFEDL
_beng
_cFEDL
041 _aeng
_2eng
084 _a370.942, GRE
_qFEDL
245 0 _aNation's schools : their plan and purpose
260 _aLondon, UK
_bHis Majesty's Stationery Office
_c1945
300 _a62p.
650 _aEducation
942 _cTEXL
_h370.942, GRE
999 _c1328140
_d1328140